000 00292nam a2200133Ia 4500
100 _aBartee/Thomas
942 _cBK
654 _aarchitecture
245 _aComuter Architecture and logic design
260 _bMcGraw Hill
_c1991
082 _a4.22
_bBAR
300 _a628
546 _aENGLISH
999 _c31003
_d31003